|
|
|
|
| LEADER |
00789nam a22001937a 4500 |
| 008 |
171027b xxu||||| |||| 00| 0 mal d |
| 999 |
|
|
|c 236362
|d 236362
|
| 020 |
|
|
|a 9788126010868
|
| 082 |
|
|
|a 294.564 BOS/S
|
| 100 |
|
|
|a Bose,Nemay Sadan
|
| 245 |
|
|
|a സ്വാമി വിവേകാനന്ദൻ /
|c Bose,Nemay Sadan
|
| 250 |
|
|
|a 2nd ed
|
| 260 |
|
|
|a New Delhi:
|b Sahithya Academy,
|c 2015.
|
| 300 |
|
|
|b 177p.
|
| 700 |
|
|
|a Raja,P.C.C.
|e Translator
|
| 942 |
|
|
|c BK
|
| 246 |
|
|
|a Swami Vivekanandan/
|
| 952 |
|
|
|0 0
|1 0
|4 0
|6 294_564000000000000_BOS_S
|7 0
|9 262350
|a MAL
|b MAL
|c ST1
|d 2017-10-27
|g 50.00
|l 0
|o 294.564 BOS/S
|p MAL39851
|r 2017-10-27
|w 2017-10-27
|y BK
|
| 952 |
|
|
|0 0
|1 0
|4 0
|6 294_564000000000000_BOS_S
|7 0
|9 262351
|a MAL
|b MAL
|c ST1
|d 2017-10-30
|g 50.00
|l 0
|o 294.564 BOS/S
|p MAL39850
|r 2017-10-30
|w 2017-10-30
|y BK
|